000 00371nam a2200109Ia 4500
008 221009s9999 xx 000 0 und d
082 _a800/CHA
100 _aचतुर्वेदी श्री. रामस्‍वरूप
_940075
245 0 _aशरत़के नारी पात्र
260 _bभारतीय ज्ञानमीठ
942 _cBK
999 _c64608
_d64608